000
00325nam a2200145Ia 4500
100
_a
Booch G/ Rumbaugh/ James
942
_c
BK
654
_a
computer
245
_a
Unified Modeling lang User Guide
260
_b
Addison Wesley Pub
_c
1999
082
_a
5.13
_b
BOO/RUM
300
_a
482
546
_a
ENGLISH
999
_c
27199
_d
27199